Statistics for Divergent Factions

Click here to take the quiz!

General Stats

  • This quiz has been taken 116 times
  • The average score is 5 of 5

Answer Stats

ClueFaction% Correct
The BraveDauntless
99%
The HonestCandor
98%
The IntelligentErudite
98%
The PeacefulAmity
97%
The SelflessAbnegation
96%

Score Distribution

Percentile by Number Answered

Percent of People with Each Score

Your Score History

You have not taken this quiz